عقود التوزيع في القانون الدولي الخاص / (رقم التسجيلة. 63883)

تفاصيل مارك
000 -LEADER
fixed length control field 02002cam a2200313 a 4500
003 - CONTROL NUMBER IDENTIFIER
control field EG-GiCUC
005 - DATE AND TIME OF LATEST TRANSACTION
control field 20250223031853.0
008 - FIXED-LENGTH DATA ELEMENTS--GENERAL INFORMATION
fixed length control field 171206s2017 ua f m 000 0 ara d
040 ## - CATALOGING SOURCE
Original cataloging agency EG-GiCUC
Language of cataloging ara
Transcribing agency EG-GiCUC
041 0# - LANGUAGE CODE
Language code of text/sound track or separate title ara
049 ## - LOCAL HOLDINGS (OCLC)
Holding library ايداع
097 ## - Thesis Degree
Thesis Level دكتوراه
099 ## - LOCAL FREE-TEXT CALL NUMBER (OCLC)
Classification number Cai01.04.04.Ph.D.2017.أح.ع
100 0# - MAIN ENTRY--PERSONAL NAME
Personal name أحمد سيد حسن محمد عفيفي
245 10 - TITLE STATEMENT
Title عقود التوزيع في القانون الدولي الخاص /
Statement of responsibility, etc. أحمد سيد حسن محمد عفيفي ؛ اشراف عبدالمنعم زمزم
260 ## - PUBLICATION, DISTRIBUTION, ETC.
Place of publication, distribution, etc. القاهرة :
Name of publisher, distributor, etc. أحمد سيد حسن محمد عفيفي :
Date of publication, distribution, etc. 2017
300 ## - PHYSICAL DESCRIPTION
Extent 592ص ؛
Dimensions 30سم
502 ## - DISSERTATION NOTE
Dissertation note اطروحة (دكتوراه) - جامعة القاهرة - كلية الحقوق - قسم القانون الدولي الخاص
520 ## - SUMMARY, ETC.
Summary, etc. تناول موضوع الرسالة عقود التوزيع في القانون الدولي الخاص تناول الباب الاول الاطار القانونى لعقد التوزيع عبر فصلين تناول الاول التعريف بعقد التوزيع بينما عالج الفصل الثانى الاداءات الرئيسية فى عقد التوزيع. تناول الباب الثانى تحديد القانون الواجب التطبيق على عقد التوزيع : عبر ثلاثة فصول تناول الفصل الاول إعلاء سلطان إرادة طرفى عقد التوزيع فى تحديد قانون العقد. وعالج الفصل الثانى خضوع عقد التوزيع لحكم القانون وفقا للنظرية الموضوعية
530 ## - ADDITIONAL PHYSICAL FORM AVAILABLE NOTE
Additional physical form available note صدر ايضا كقرص مدمج
653 #4 - INDEX TERM--UNCONTROLLED
Uncontrolled term القانون
653 #4 - INDEX TERM--UNCONTROLLED
Uncontrolled term عقود التوزيع
653 #4 - INDEX TERM--UNCONTROLLED
Uncontrolled term لقانون الدولي الخاص
700 0# - ADDED ENTRY--PERSONAL NAME
Personal name عبدالمنعم زمزم :
Relator term
856 ## - ELECTRONIC LOCATION AND ACCESS
Uniform Resource Identifier <a href="http://172.23.153.220/th.pdf">http://172.23.153.220/th.pdf</a>
905 ## - LOCAL DATA ELEMENT E, LDE (RLIN)
Cataloger Nazla
Reviser Revisor
905 ## - LOCAL DATA ELEMENT E, LDE (RLIN)
Cataloger Soheir
Reviser Cataloger
942 ## - ADDED ENTRY ELEMENTS (KOHA)
Source of classification or shelving scheme Dewey Decimal Classification
Koha item type Thesis
المقتنيات
Source of classification or shelving scheme Not for loan Home library Current library Date acquired Full call number Barcode Date last seen Koha item type Copy number
Dewey Decimal Classification   المكتبة المركزبة الجديدة - جامعة القاهرة قاعة الرسائل الجامعية - الدور الاول 11.02.2024 Cai01.04.04.Ph.D.2017.أح.ع 01010100023921000 22.09.2023 Thesis  
Dewey Decimal Classification   المكتبة المركزبة الجديدة - جامعة القاهرة مخـــزن الرســائل الجـــامعية - البدروم 11.02.2024 Cai01.04.04.Ph.D.2017.أح.ع 01020100023921000 22.09.2023 CD - Rom 23921.CD
Cairo University Libraries Portal Implemented & Customized by: Eng. M. Mohamady Contacts: new-lib@cl.cu.edu.eg | cnul@cl.cu.edu.eg
CUCL logo CNUL logo
© All rights reserved — Cairo University Libraries
CUCL logo
Implemented & Customized by: Eng. M. Mohamady Contact: new-lib@cl.cu.edu.eg © All rights reserved — New Central Library
CNUL logo
Implemented & Customized by: Eng. M. Mohamady Contact: cnul@cl.cu.edu.eg © All rights reserved — Cairo National University Library